| 000 | 00875nam a2200229 a 4500 | ||
|---|---|---|---|
| 001 | 000045376 | ||
| 005 | 20201002050117.0 | ||
| 008 | 150305s2014 dr ac 000 0bspa d | ||
| 020 | _a9789945166514 | ||
| 040 |
_aDO-SdBNP _bspa _cBNPHU |
||
| 082 |
_a920.71 _bM737W |
||
| 100 | 1 |
_aWellisch de Moncaba, Juli _973410 |
|
| 245 | 1 | 0 |
_aHomenaje a la memoria de Guillermo Moncada Aybar. / _cJuli Wellisch de Moncaba; presentación Miguel Valerio. |
| 260 |
_aSanto Domingo : _bBúho, _c2014. |
||
| 300 |
_a215 p. : _bil., retrs. ; _c23 cm. |
||
| 500 | _aIncluye datos biografícos de la autora en la solapa de la cubierta | ||
| 600 | 1 | 4 |
_aMONCADA AYBAR, GUILLERMO _d1957-2011 _973411 |
| 650 | 4 |
_aAsesinato _zRepública Dominicana _917101 |
|
| 650 | 4 |
_aViolencia _zRepública Dominicana _912703 |
|
| 700 | 1 | 2 |
_aValerio, Miguel _epres. _973412 |
| 910 | _aValidado. Control de calidad MFF | ||
| 999 |
_c44865 _d44865 |
||